00554cam a22002291 4500001001300000003000400013005001700017008004100034010001700075035002000092040001800112042001200130043001200142050001800154100001900172245003900191260001200230300004000242500001400282651001100296999001700307sa 67006294 DLC20260227112405.0890630s1967 ii abc 000 0 hino  asa 67006294  a(OCoLC)19953788 aDLCcWaUdDLC apremarc aa-np---00aDS485.N4bM151 aMadhup, Alakh.10aNepāla : deśa aura nivāsī. c[1967?] a227 p.billus., map, ports.c18 cm. aIn Hindi. 0aNepal. c75836d75836